000 00284nam a2200121 i 4500
001 bg
245 0 _aWysokoefektywne metody oczyszczania ścieków.
_nCz.2.
260 _aKraków,
_c1981.
040 _cBPK
041 _apol
942 _cKS
008 s pl f |000 0 pol
999 _c20528
_d20528
856 _uhttp://koha.tu.koszalin.pl/cgi-bin/koha/opac-detail.pl?biblionumber=20528
_yKatalog online BPK